<?xml version="1.0" encoding="UTF-8"?>
<collection xmlns="http://www.loc.gov/MARC21/slim">
  <record>
    <leader>00000nam  2200000   4500</leader>
    <controlfield tag="001">INLIS00000000000056</controlfield>
    <controlfield tag="005">20260702043538</controlfield>
    <datafield tag="020" ind1="#" ind2="#">
      <subfield code="a">978-623-5436-05-0</subfield>
    </datafield>
    <datafield tag="082" ind1="#" ind2="#">
      <subfield code="a">899.221</subfield>
    </datafield>
    <datafield tag="100" ind1="1" ind2="#">
      <subfield code="a">Emirfan</subfield>
    </datafield>
    <datafield tag="245" ind1="1" ind2=" ">
      <subfield code="a">Leave Your Boring Box: Kumpulan Kisah Sederhana Yang Menjadi Mewah Karena Kalian Membacanya /</subfield>
      <subfield code="c">Emirfan</subfield>
    </datafield>
    <datafield tag="300" ind1="#" ind2="#">
      <subfield code="a">vi+138 Hlm. ; 13,5 x 20 cm</subfield>
    </datafield>
  </record>
</collection>
